00554 2200193 4500245004200000020002200042250001100064100001900075700002400094700001700118650002100135650001000156005001900166260011400185041001400299084001000313300002800323336000900351 aKue Apam DanangcAriani SafitrihText a978-623-307-140-6 aCet. 1 aAriani Safitri aNaidi Atika Zumdaro aSetyo Untoro aCerita Bergambar aEbook a20241104133615 aJakartabKementerian pendidikan,Kebudayaan,Riset,dan Teknologi Badan Pengembangan Dan pembinaan Bahasac2022 aIndonesia a741.5 aiv, 28 hlm. :c29,7 cm. atext